Costos y presupuestos (Registro nro. 2081)
[ vista simple ]
| 000 -LEADER | |
|---|---|
| fixed length control field | 00950 a2200217 4500 |
| 001 - CONTROL NUMBER | |
| control field | 30283 |
| 005 - DATE AND TIME OF LATEST TRANSACTION | |
| control field | 20260407155614.0 |
| 008 - FIXED-LENGTH DATA ELEMENTS--GENERAL INFORMATION | |
| fixed length control field | 260407a1992 arg spa d |
| 003 - CONTROL NUMBER IDENTIFIER | |
| control field | AR-UNSa-BCEJYS |
| 040 ## - CATALOGING SOURCE | |
| Original cataloging agency | AR-UNSa-BCEJYS |
| Language of cataloging | spa |
| Transcribing agency | AR-UNSa-BCEJYS |
| 080 ## - UNIVERSAL DECIMAL CLASSIFICATION NUMBER | |
| Universal Decimal Classification number | 657.471.61 |
| Common auxiliary subdivision | Costes generales<br/> |
| 020 ## - INTERNATIONAL STANDARD BOOK NUMBER | |
| International Standard Book Number | 950-543-338-7 |
| 100 1# - MAIN ENTRY--PERSONAL NAME | |
| Personal name | Dominguez, Luis Martín |
| 245 10 - TITLE STATEMENT | |
| Title | Costos y presupuestos |
| 250 ## - EDITION STATEMENT | |
| Edition statement | 1 reimp. |
| 264 #1 - PRODUCTION, PUBLICATION, DISTRIBUTION, MANUFACTURE, AND COPYRIGHT NOTICE | |
| Place of production, publication, distribution, manufacture | Buenos Aires : |
| Name of producer, publisher, distributor, manufacturer | Cangallo |
| Date of production, publication, distribution, manufacture, or copyright notice | 1992 |
| 300 ## - PHYSICAL DESCRIPTION | |
| Extent | 317 p. |
| Dimensions | 23 cm. |
| 505 ## - FORMATTED CONTENTS NOTE | |
| Formatted contents note | 1. El punto de equilibrio - 2. La relación costo-volumen-utilidad - 3. El costeo variable - 4. Los costos y la toma de decisiones - 5. Los costos y precios (la inflación) - 6. Presupuesto y control presupuestario - 7. La elaboración y la ejecución presupuestaria - 8. Técnicas presupuestarias - 9. El sistema Presupuestario gubernamental - 10. Presupuesto por programas. |
| 590 ## - LOCAL NOTE (RLIN) | |
| Local note | niveau_biblio:m niveau_hierar:0 |
| 942 ## - ADDED ENTRY ELEMENTS (KOHA) | |
| Koha item type | |
| Withdrawn status | Lost status | Damaged status | Not for loan | Home library | Current library | Shelving location | Date acquired | Total checkouts | Full call number | Barcode | Date last seen | Price effective from | Koha item type |
|---|---|---|---|---|---|---|---|---|---|---|---|---|---|
| Biblioteca Prof. Eusebio Cleto del Rey | Biblioteca Prof. Eusebio Cleto del Rey | 07/04/2026 | 657.471.61 D671/1992 | L58755 | 07/04/2026 | 07/04/2026 | Libro | ||||||
| Biblioteca Prof. Eusebio Cleto del Rey | Biblioteca Prof. Eusebio Cleto del Rey | 07/04/2026 | 657.471.61 D671/1992 | L58756 | 07/04/2026 | 07/04/2026 | Libro |